BURNER CONTROL SYSTEMS ,A SELECTION GUIDE (Record no. 584540)

000 -LEADER
fixed length control field 00252nam a22001097a 4500
082 ## - DEWEY DECIMAL CLASSIFICATION NUMBER
Classification number 530 BVR'E
100 ## - MAIN ENTRY--PERSONAL NAME
Personal name ENERCON
9 (RLIN) 79501
245 ## - TITLE STATEMENT
Title BURNER CONTROL SYSTEMS ,A SELECTION GUIDE
260 ## - PUBLICATION, DISTRIBUTION, ETC.
Place of publication, distribution, etc. ISLAMABAD
Name of publisher, distributor, etc. ENERCON
Date of publication, distribution, etc. 1989
300 ## - PHYSICAL DESCRIPTION
Extent 29P
942 ## - ADDED ENTRY ELEMENTS (KOHA)
Koha item type Book
Holdings
Withdrawn status Lost status Damaged status Not for loan Permanent Location Current Location Shelving location Date acquired Total Checkouts Full call number Barcode Date last seen Price effective from Koha item type
        College of Electrical & Mechanical Engineering (CEME) College of Electrical & Mechanical Engineering (CEME) General Stacks 07/04/2017   530 BVR'E CEME-23326 06/28/2021 06/28/2021 Book
© 2023 Central Library, National University of Sciences and Technology. All Rights Reserved.